Phương pháp vectơ trong giải toán hình học không gian Dùng cho học sinh khá giỏi, học sinh chuyên toán - Kiến thức và phương pháp, Các bài toán mẫu, Luyện tập, Đáp số và hướng dẫn giải

সংরক্ষণ করুন:
গ্রন্থ-পঞ্জীর বিবরন
প্রধান লেখক: Nguyễn Văn Lộc
বিন্যাস: গ্রন্থ
প্রকাশিত: Hà Nội Giáo dục 2008
বিষয়গুলি:
ট্যাগগুলো: ট্যাগ যুক্ত করুন
কোনো ট্যাগ নেই, প্রথমজন হিসাবে ট্যাগ করুন!
Thư viện lưu trữ: Trung tâm Học liệu Lê Vũ Hùng, Trường Đại học Đồng Tháp
LEADER 01001pam a22002298a 4500
001 00043961
005 20190404100400.0
008 110521s2008 ||||||Viesd
020 # # |c 21000 
041 0 # |a Vie 
082 1 4 |a 516.007 6  |b PH561PH 
100 0 # |a Nguyễn Văn Lộc 
245 0 0 |a Phương pháp vectơ trong giải toán hình học không gian  |b Dùng cho học sinh khá giỏi, học sinh chuyên toán - Kiến thức và phương pháp, Các bài toán mẫu, Luyện tập, Đáp số và hướng dẫn giải  |c Nguyễn Văn Lộc 
260 # # |a Hà Nội  |b Giáo dục  |c 2008 
300 # # |a 243 tr.  |c 27 cm. 
650 # 4 |a Bài tập 
653 # # |a Hình học không gian 
653 # # |a Phương pháp 
653 # # |a Vectơ 
852 # # |j KM.0028666  |j KM.0028667  |j KM.0028668  |j KM.0028669  |j KM.0028670  |j KM.0028671  |j KD.0025664 
910 0 # |d 4/4/2019 
980 # # |a Trung tâm Học liệu Lê Vũ Hùng, Trường Đại học Đồng Tháp